Europäische Geschichte nach Buchstaben - U - Statistiken

Allgemein
  • Dieses Quiz wurde 42 mal gespielt
  • Das Durchschnittsergebnis liegt bei 12 aus 20
Antwortstatistiken
Hinweis Antwort % Korrekt
Königreich, welches durch die im 9. Jhd ins Karpartenbecken migrierten Magyaren geschaffen wurde und lange Zeit durch Habsburger regiert wurde Ungarn
93%
Übliche Abkürzung für die Sowjetunion, einen ehemaligen Staat von 1922-1991 UdSSR
90%
Donaustadt, welche der Hauptort des Schwäbischen Bundes wurde und im Mittelalter ein gewaltiges Münster erbaute Ulm
90%
Bezeichnung für das Bündnis aus CDU und CSU, welches deutsche Bundeskanzler wie Konrad Adenauer, Helmut Kohl oder Angela Merkel stellte Union
90%
Im Mittelalter entstehende Bildungsinstitution, zunächst in Bologna, bald darauf in Oxford, Paris, Prag und anderen Orten Universität
85%
Staat, welcher 1991 seine Unabhängigkeit von der Sowjetunion erlangte und in der 2004 die Orange Revolution stattfand Ukraine
83%
Diese Stadt war mit einem heidnischen Heiligtum und einem Bischofssitz wichtiges religiöses Zentrum in Schweden Uppsala
80%
Dieses Kanton legte zusammen mit den Kantonen Schwyz und Nidwalden den Rütlischwur ab Uri
73%
In dieser Stadt wurde 1579 eine sich zu den Niederlande entwickelte Union gegründet und 1713 der Friedensvertrag für den Spanischen Erbfolgekrieg beschlossen Utrecht
73%
Papst, welcher zum ersten Kreuzzug aufrief Urban II
68%
Werk des Humanisten Thomas More, in der er eine idealisierte Gesellschaft beschreibt Utopia
68%
Irische Provinz, welche sich 1921 mehrheitlich nicht der neugeschaffenen Irischen Republik anschloss Ulster
58%
Lateinische Namensform des griechischen Helden Odysseus, sowie literaturhistorisch bedeutender Roman von James Joyce Ulysses
53%
Bezeichnung für Lanzenreiter-Truppentyp polnischen Ursprungs des 19. Jahrhunderts Ulan
48%
Mittelitalienisches Volk, welches 308 v.Chr. von Rom endgültig unterworfen wurde Umbrer
48%
Bürgerlicher Nachname des kommunistischen Politikers Wladimir Iljitsch Lenin Uljanow
45%
Auf dieser Insel ermordete der rechtsextreme Terrorist Anders Breivik 2011 69 Menschen Utøya
30%
Arabische Kalifatsdynastie, welche nach dem Sturz durch die Abbasiden in Spanien ein Kalifat in Spanien errichtete Umayyaden
25%
Faschistische Organisation aus Kroatien, welche mit den Nationalsozialisten kollaborierte und für ihre vielen Grausamkeiten bekannt ist Ustascha
25%
Humanistischer Reichsritter und Dichter, sowie scharfer Kritiker des Papsttums des 15/16. Jahrhunderts Ulrich von Hutten
20%
Keine übereinstimmenden Quizze gefunden
Verteilung der Resultate
Anzahl Personen mit jedem Resultat
Perzentil nach korrekt beantworteten Fragen
Ihre Resultats-Entwicklung
Sie haben dieses Quiz noch nicht gespielt